=LDR 00000nam 2200000 4500 =001 INLIS000000000001524 =005 20130612085925 =008 ***********************************Ind** =035 ##$$0010-061300000001524 =041 ##$$a Ind =082 ##$$a 306.095 985 37 =090 ##$$a 306.095 985 37, Zak-m =100 ##$$a ZAKARIAH, Fath =245 ##$$a Mozaik budaya orang Mataram, Fath Zakaria =260 ##$$a 1998 $b Mataram =300 ##$$a ix, 234 hlm, Ilus, 21 cm =650 ##$$a Budaya =650 ##$$a Mataram =850 ##$$a NBPNMAT